000 00577nam a2200181 4500
999 _c186354
_d186354
005 20220224120449.0
010 _aENG-131784
020 _a9789381950500
_c495.00
035 _aEN-115316
037 _bDBAD/PUB
082 _a500
245 _aOmnibus Science/
_cShyam Singh Tanwar [et.al...]
260 _aJaipur
_bKhandelwal Publisher and Distributors
_c2020
270 _a57, 1st Floor, Mishra Rajaji ka Rasta
_bJaipur
_e302001
_mkpdjpr@gmail.com
300 _a165p.
_c22cm(pbk)
700 _aTanwar, Shyam Singh [et.al...]
942 _2ddc
_cEN
_h500
_mTAN